El maestro de inglés completo (Record no. 167663)

MARC details
000 -LEADER
campo de control de longitud fija 01096nam a22002175i 4500
001 - NÚMERO DE CONTROL
campo de control 167663
003 - IDENTIFICADOR DE NÚMERO DE CONTROL
campo de control ES-MaACL
005 - FECHA Y HORA DE LA ÚLTIMA TRANSACCIÓN
campo de control 20230906213554.0
008 - DATOS DE LONGITUD FIJA--INFORMACIÓN GENERAL
campo de control de longitud fija 050928s1869 xxu | |||||||| ||spa d
040 ## - FUENTE DE CATALOGACIÓN
Centro catalogador/agencia de origen CAM
Lengua de catalogación spa
Centro/agencia transcriptor CAM
100 1# - ENTRADA PRINCIPAL--NOMBRE DE PERSONA
Nombre de persona Vingut, Francisco Javier.
9 (RLIN) 133785
245 13 - MENCIÓN DEL TÍTULO
Título El maestro de inglés completo
Resto del título : método práctico para aprender la lengua inglesa segun el sistema de Ollendorff ... /
Mención de responsabilidad, etc. por Francisco Javier Vingut.
250 ## - MENCION DE EDICION
Mención de edición Ed. enteramente ref., corr. y notablemente aum. por I. de Veitelle.
260 ## - PUBLICACIÓN, DISTRIBUCIÓN, ETC.
Lugar de publicación, distribución, etc. Nueva York :
Nombre del editor, distribuidor, etc. George R. Lockwood,
Fecha de publicación, distribución, etc. [s.a.]
300 ## - DESCRIPCIÓN FÍSICA
Extensión 509 p. ;
Dimensiones 19 cm.
596 ## - NOTA AL PIE DE IMPRENTA
NOTA AL PIE DE IMPRENTA Advertencia del ed. fechada en 1868, y en verso de la port. consta la fecha 1869.
650 04 - PUNTO DE ACCESO ADICIONAL DE MATERIA--TÉRMINO DE MATERIA
Término de materia o nombre geográfico como elemento de entrada Lengua inglesa-
Subdivisión de forma Métodos.
9 (RLIN) 14282
700 1# - ENTRADA AGREGADA--NOMBRE PERSONAL
Nombre de persona Veitelle, I. de.
9 (RLIN) 133588
852 ## - LOCALIZACIÓN
Ubicación ES-MaACL
Número de control de estantería D-691
Nota libre -- Enc. hol.
-- -- Legado M. de la Fuente
-- -- Enc. con 8 p. de "Libros de texto ... por George R. Lockwood", 1870
852 ## - LOCALIZACIÓN
Ubicación ES-MaACL
Número de control de estantería F-13567
Nota libre -- Enc. hol.
-- -- Legado Charro Hidalgo
-- -- Enc. con 7 p. de "Libros de texto ... por George R. Lockwood", [s.a.]
Holdings
Estatus retirado Estado de pérdida Estado de daño No para préstamo Biblioteca de origen Biblioteca actual Ubicación en estantería Fecha de adquisición Fuente de adquisición Total de préstamos Signatura topográfica completa Código de barras Visto por última vez Precio de reemplazo Tipo de ítem Koha
        Biblioteca del Ateneo de Madrid Biblioteca del Ateneo de Madrid Sala Pecera Planta 2 17/01/2008     F-13567 1175898 23/02/2023 23/02/2023 Libro impreso
        Biblioteca del Ateneo de Madrid Biblioteca del Ateneo de Madrid Sala Valle Inclán 17/01/2008     D-691 901175897 23/02/2023 23/02/2023 Libro impreso